Online
Catalog

Las hogueras mas altas / (Record no. 8415)

MARC details
000 -CABECERA
campo de control de longitud fija 00793cam a2200217 a 4500
001 - NÚMERO DE CONTROL
campo de control 000008645
005 - FECHA Y HORA DE LA ÚLTIMA TRANSACCIÓN
campo de control 20200929161358.0
008 - DATOS DE LONGITUD FIJA--INFORMACIÓN GENERAL
campo de control de longitud fija 891219s1959 ag 001 0 spa
040 ## - FUENTE DE LA CATALOGACIÓN
Centro catalogador/agencia de origen DO-SdBNP
Lengua de catalogación spa
Centro/agencia transcriptor BNPHU
082 ## - NÚMERO DE LA CLASIFICACIÓN DECIMAL DEWEY
Número de clasificación V863.44
Número de documento/Ítem G643h, 1959
100 1# - ENTRADA PRINCIPAL--NOMBRE DE PERSONA
Nombre de persona González León, Adriano.
Fechas asociadas al nombre 1931-2008
9 (RLIN) 23082
245 14 - MENCIÓN DE TÍTULO
Título Las hogueras mas altas /
Mención de responsabilidad, etc. Adriano González León.
250 ## - MENCIÓN DE EDICIÓN
Mención de edición 2a ed.
260 ## - PUBLICACIÓN, DISTRIBUCIÓN, ETC.
Lugar de publicación, distribución, etc. Buenos Aires :
Nombre del editor, distribuidor, etc. Monte Avila,
Fecha de publicación, distribución, etc. 1959.
300 ## - DESCRIPCIÓN FÍSICA
Extensión 105 p. ;
Dimensiones 16 cm.
490 1# - MENCIÓN DE SERIE
Mención de serie Biblioteca Popular Eldorado
Designación de volumen o secuencia 35
505 0# - NOTA DE CONTENIDO CON FORMATO
Nota de contenido con formato En el lago -- Los invisibles fuegos -- El enviado -- Las voces lejanas -- Fatina o las llamas -- Los antiguos viajeros.
650 #4 - PUNTO DE ACCESO ADICIONAL DE MATERIA--TÉRMINO DE MATERIA
Término de materia o nombre geográfico como elemento de entrada Cuentos venezolanos
9 (RLIN) 3815
650 #4 - PUNTO DE ACCESO ADICIONAL DE MATERIA--TÉRMINO DE MATERIA
Término de materia o nombre geográfico como elemento de entrada Literatura venezolana
9 (RLIN) 3816
830 #0 - PUNTO DE ACCESO ADICIONAL DE SERIE-TÍTULO UNIFORME
Título uniforme Biblioteca Popular Eldorado ;
Designación de volumen o secuencia 35
9 (RLIN) 16894
Holdings
Estado de retiro Estado de pérdida Restricciones de uso No para préstamo Código de colección Localización permanente Ubicación/localización actual Ubicación en estantería Fecha de adquisición Número de inventario Total de préstamos Signatura topográfica completa Código de barras Fecha visto por última vez Precio válido a partir de Tipo de ítem Koha Número de copia
    Préstamo interno   Monografías: Libros y Folletos General General En catalogación 17.09.2009 LF1   V863.44 G643h, 1959 8645-10 25.06.2020 25.06.2020 Préstamo interno  
    Préstamo restringido Préstamo restrigido Monografías: Libros y Folletos General General En catalogación 17.09.2009 LF1   V863.44 G643h, 1959 8645-20 25.06.2020 25.06.2020 Préstamo interno e.2

Powered by Koha